| 000 | 00372 a2200169 4500 | ||
|---|---|---|---|
| 001 | 74562 | ||
| 020 | _a850807264-3 | ||
| 040 | _cAnchieta - Colégio São Paulo | ||
| 100 | _aPatara, Tânia Vieira | ||
| 240 | 1 | 0 |
_aBrasil 500 anos _lpor |
| 245 | 1 | 0 | _aBrasil 500 anos |
| 300 | _a48 | ||
| 362 | 0 | _a1999 | |
| 440 | 1 | _aÁtica | |
| 650 | 4 | _aHistória do mundo | |
| 942 | _cBK | ||
| 999 |
_c74562 _d74562 |
||